Which countries participated in Eurovision the most? - Statistics

General Stats
  • This quiz has been taken 14 times
  • The average score is 41 of 52
Answer Stats
Hint Answer % Correct
50 times Italy
100%
56 times Portugal
100%
United Kingdom
100%
57 times Austria
93%
67 times France
93%
68 times Germany
93%
45 times Greece
93%
Ireland
93%
64 times Spain
93%
34 times Turkey
93%
10 times Australia
86%
66 times Belgium
86%
19 times Bosnia & Herzegovina
86%
53 times Denmark
86%
39 times Luxembourg
86%
Estonia
86%
58 times Finland
86%
47 times Israel
86%
Malta
86%
65 times Netherlands
86%
Sweden
86%
Switzerland
86%
21 times Albania
79%
17 times Armenia
79%
Azerbaijan
79%
16 times Belarus
79%
14 times Bulgaria
79%
30 times Croatia
79%
41 times Cyprus
79%
02 times Serbia & Montenegro
79%
Lithuania
79%
North Macedonia
79%
63 times Norway
79%
27 times Poland
79%
23 times Romania
79%
Russia
79%
Serbia
79%
07 times Slovakia
79%
Slovenia
79%
20 times Ukraine
79%
06 times Andorra
71%
13 times Czechia
71%
Georgia
71%
37 times Iceland
71%
25 times Latvia
71%
Hungary
64%
Moldova
57%
24 times Monaco
57%
Montenegro
57%
15 times San Marino
57%
01 time Morocco
50%
Yugoslavia
43%
No matching quizzes found
Score Distribution
Percent of People with Each Score
Percentile by Number Answered
Your Score History
You have not taken this quiz